000 00992nam a22002297a 4500
005 20110725120732.0
008 110725t xxu||||| |||| 00| 0 mar d
010 _aMAR-21133
020 _c160.00
035 _aMR-13791
037 _bDBAD/PUB
040 _aDPL
_bMR
082 _a920
100 _930018
_aघाटे,निरंजन
245 _aविचित्र माणसं विक्षिप्त शास्त्रज्ञ /
_cनिरंजन घाटे
246 _aVichitra Mansa Vikshipt Shastradyna
_bby Niranjan Ghate
260 _aपुणे
_bदिलीपराज प्रकाशन
_c2008
270 _a251 क, शनिवार पेठ
_bपुणे
_e411030
300 _a192पृ
_c22सेमी(अजिल्द)
942 _2ddc
_cMR
_mघाटेनि
_h920
999 _c54343
_d54343